[Event "Sachsen-ch U14 Girls"]
[Site "Sebnitz"]
[Date "2005.03.30"]
[Round "4"]
[White "Kummer, Annett"]
[Black "Roessler, Katharina"]
[Result "1-0"]
[WhiteElo "895"]
[BlackElo "919"]
[PlyCount "51"]
[EventDate "2005.03.29"]
[EventType "swiss"]
[EventRounds "7"]
[EventCountry "GER"]
[SourceTitle "EXT 2007"]
[Source "ChessBase"]
[SourceDate "2006.11.23"]
[SourceVersion "1"]
[SourceVersionDate "2006.11.23"]
[SourceQuality "1"]

1. e4 e5 2. Nf3 Nc6 3. d4 exd4 4. Nxd4 Bc5 5. Be3 Qf6 6. c3 Nge7 7. g3 d5 8. Bg2 Be6 9. 0-0 Ng6 10. Nb5 0-0-0 11. Bxc5 dxe4 12. Qa4 a6 13. Na7+ Nxa7 14. Bxa7 Rd7 15. Qxe4 c6 16. Na3 Bf5 17. Qf3 Ne5 18. Qf4 g5 19. Qb4 Qh6 20. Nc4 Ng4 21. h3 Nf6 22. Nb6+ Kd8 23. Nxd7 Nxd7 24. Rad1 Bxh3 25. Bxh3 Qxh3 26. Qxb7 1-0

[Event "GER-chT U20 Girls"]
[Site "Ditzingen"]
[Date "2003.12.28"]
[Round "3.4"]
[White "Schuster, Kathrin"]
[Black "Kummer, Annett"]
[Result "1-0"]
[WhiteElo "913"]
[BlackElo "817"]
[PlyCount "89"]
[EventDate "2003.12.27"]
[EventType "team-swiss"]
[EventRounds "7"]
[EventCountry "GER"]
[SourceTitle "EXT 2022"]
[Source "ChessBase"]
[SourceDate "2021.10.06"]
[SourceVersion "1"]
[SourceVersionDate "2021.10.06"]
[SourceQuality "1"]
[WhiteTeam "Allersberger SC U20 Girls"]
[BlackTeam "Delitzsch ESV U20 Girls"]
[WhiteTeamCountry "GER"]
[BlackTeamCountry "GER"]

1. e4 e5 2. Bc4 Nf6 3. Nc3 Be7 4. Nf3 0-0 5. 0-0 Nc6 6. d3 b6 7. Be3 Bb7 8. a3 Bd6 9. Nd5 Nb8 10. Nxf6+ Qxf6 11. c3 Nc6 12. Bd5 Nd8 13. Bxb7 Nxb7 14. d4 exd4 15. cxd4 Qd8 16. e5 Be7 17. Qd2 h6 18. Rac1 Na5 19. Rc3 d5 20. b3 Bxa3 21. Rd3 Qe7 22. Ra1 Bb4 23. Qc2 Rad8 24. Bd2 Nc6 25. Qxc6 a5 26. Bxb4 axb4 27. Ra7 Rc8 28. Qxd5 Qe6 29. Qc4 Qf5 30. Rd1 Qe4 31. Rxc7 Rxc7 32. Qxc7 Qe2 33. Rd2 Ra8 34. Rxe2 Ra1+ 35. Ne1 Rb1 36. Re3 Rd1 37. Qc8+ Kh7 38. Qf5+ Kg8 39. g3 Rb1 40. Rf3 f6 41. exf6 gxf6 42. Qg6+ Kf8 43. Rxf6+ Ke7 44. Qg7+ Kd8 45. Rf8# 1-0